00349nam a2200121Ia 4500008004100000040001700041041001200058082002100070100001400091245010200105260000900207300001100216230917s9999||||xx |||||||||||||| ||und|| e252410aMAIN aEnglish a891.2109 T738L:A aLeelawati 0aAacharya Radhavallabh Tripathi krit abhinavkavyalankar sutra mein partipadit alankar: Ek adhyayan c2015 a102 p.